000 00344nam a2200169Ia 4500
100 _aShivKumar
650 _aFluid Mechanics
250 _a3
942 _cBK
366 _f27
654 _afluid mechanics
245 _aFluid mechanics
260 _bAne Books
_c2015
082 _a532
_bSHI
546 _aENGLISH
_cInfo.Tech
999 _c28899
_d28899